| 000 | 00480nam a2200181Ia 4500 | ||
|---|---|---|---|
| 005 | 20250603145949.0 | ||
| 008 | 250603s9999 xx 000 0 und d | ||
| 020 | _a9781032529080 | ||
| 050 | _aTA 418.52 .T53/ | ||
| 100 | _aEdited by Kotaro Kajikawa, Junichi Takahara. | ||
| 245 | 0 | _aThermal plasmonics and metamaterials for a low-carbon society | |
| 260 | _aBoca Raton | ||
| 260 | _bCRC Press | ||
| 260 | _c2024 | ||
| 300 | _a241 p | ||
| 650 | _aBoca Raton | ||
| 942 | _cBK | ||
| 999 |
_c43373 _d43373 |
||